Every Kendrick Lamar Song with 100M+ Streams - Statistics

General Stats
  • This quiz has been taken 33 times
    4 since last reset
  • The average score is 79 of 109
Answer Stats
Album Streams Answer % Correct
SOS Deluxe: LANA 329,676,275 30 For 30
100%
Black Panther 2,906,990,980 All The Stars
100%
To Pimp A Butterfly 1,020,286,947 Alright
100%
(Single) 225,656,619 Bad Blood
100%
1989 (Taylor's Version) (Deluxe) 136,123,968 Bad Blood (Taylor's Version)
100%
good kid, m.A.A.d city 931,738,947 Bitch, Don't Kill My Vibe
100%
good kid, m.A.A.d city (Deluxe) 160,567,780 Bitch, Don't Kill My Vibe - Remix
100%
DAMN. 1,445,172,819 DNA.
100%
Ctrl 283,383,363 Doves In The Wind
100%
The Melodic Blue 1,146,750,988 family ties
100%
LONG.LIVE.A$AP 993,576,785 Fuckin' Problems
100%
GNX 155,208,925 heart pt. 6
100%
DAMN 2,877,229,754 HUMBLE.
100%
(Single) 351,287,817 HUMBLE. - SKRILLEX REMIX
100%
Black Panther 675,055,380 King's Dead
100%
WE DON'T TRUST YOU 969,373,664 Like That
100%
DAMN. 1,841,529,363 LOVE.
100%
DAMN. 861,478,478 LOYALTY.
100%
DAMN. 220,962,855 LUST.
100%
GNX 1,445,223,336 luther
100%
good kid, m.A.A.d city 904,199,993 m.A.A.d city
100%
(Single) 188,253,012 meet the grahams
100%
good kid, m.A.A.d city 2,171,794,474 Money Trees
100%
Mr. Morale & The Big Steppers 101,809,312 Mr. Morale
100%
(Single) 1,874,189,320 Not Like Us
100%
good kid, m.A.A.d city 715,505,862 Poetic Justice
100%
Black Panther 1,167,115,514 Pray For Me
100%
DAMN. 1,152,706,444 PRIDE.
100%
(Single) 1,117,092,593 Swimming Pools (Drank)
100%
good kid, m.A.A.d city 581,545,494 Swimming Pools (Drank) - Extended Version
100%
Mr. Morale & The Big Steppers (Extended) 119,612,428 The Heart Part 5
100%
GNX 843,056,112 tv off
100%
To Pimp A Butterfly 113,369,396 u
100%
Mr. Morale & The Big Steppers 393,176,068 United In Grief
100%
LONG.LIVE.A$AP 153,906,762 1Train
67%
Section.80 513,113,860 A.D.H.D
67%
good kid, m.A.A.d city 507,852,260 Backseat Freestyle
67%
DAMN. 152,018,927 BLOOD.
67%
Oxymoron 785,981,005 Collard Greens
67%
good kid, m.A.A.d city 103,033,420 Compton
67%
Mr. Morale & The Big Steppers 392,133,126 Count Me Out
67%
Mr. Morale & The Big Steppers 469,593,285 Die Hard
67%
GNX 165,895,579 dodger blue
67%
Red Pill Blues 1,090,620,860 Don't Wanna Know
67%
DAMN. 362,158,559 DUCKWORTH.
67%
DAMN. 519,603,351 ELEMENT.
67%
(Single) 453,249,214 euphoria
67%
Mr. Morale & The Big Steppers 246,464,527 Father Time
67%
DAMN. 235,316,024 FEAR.
67%
DAMN. 258,994,242 FEEL.
67%
Lemonade 108,609,914 Freedom
67%
GNX 134,649,601 gloria
67%
DAMN. 178,055,897 GOD.
67%
MUSIC 108,451,571 GOOD CREDIT
67%
good kid, m.A.A.d city 131,709,304 good kid
67%
GNX 198,465,073 hey now
67%
Section.80 167,702,842 HiiiPower
67%
Section.80 117,755,166 Hol' Up
67%
To Pimp A Butterfly 107,394,994 Hood Politics
67%
To Pimp A Butterfly 112,468,086 How Much A Dollar Cost
67%
To Pimp A Butterfly 125,145,871 i
67%
To Pimp A Butterfly 115,579,633 Institutionalized
67%
(Single) 270,720,933 i (Single Version)
67%
To Pimp A Butterfly 734,518,198 King Kunta
67%
GNX 119,888,333 man at the garden
67%
Mr. Morale & The Big Steppers 100,110,165 Mirror
67%
Tha Carter V 326,186,515 Mona Lisa
67%
Mr. Morale & The Big Steppers 581,118,441 N95
67%
good kid, m.A.A.d city (Deluxe) 126,316,003 Now Or Never - Bonus Track
67%
GNX 297,162,366 peekaboo
67%
Mr. Morale & The Big Steppers 122,334,635 Purple Hearts
67%
The Melodic Blue 125,915,313 range brothers
67%
good kid, m.A.A.d city 107,960,469 Real
67%
GNX 154,080,996 reincarnated
67%
Mr. Morale & The Big Steppers 377,155,321 Rich Spirit
67%
Section.80 152,557,276 Rigamortus
67%
Mr. Morale & The Big Steppers 144,043,340 Savior
67%
Starboy 474,807,761 Sidewalks
67%
Mr. Morale & The Big Steppers 201,757,057 Silent Hill
67%
good kid, m.A.A.d city 240,565,517 Sing About Me, I'm Dying Of Thirst
67%
GNX 517,464,805 squabble up
67%
Sail Out 402,203,677 Stay Ready (What A Life)
67%
good kid, m.A.A.d city 151,548,340 The Art of Peer Pressure
67%
To Pimp A Butterfly 151,713,871 The Blacker The Berry
67%
This Is Acting (Deluxe) 713,136,895 The Greatest
67%
good kid, m.A.A.d city (Deluxe) 262,119,368 The Recipe - Bonus Track
67%
To Pimp A Butterfly 192,978,221 These Walls
67%
untitled unmastered. 160,091,895 untitled 02 | 06.23.2014.
67%
untitled unmastered. 126,204,874 untitled 08 | 09.06.2014.
67%
GNX 166,250,889 wacced out murals
67%
To Pimp A Butterfly 253,369,388 Wesley's Theory
67%
DAMN. 328,104,925 XXX.
67%
DAMN. 246,920,033 YAH.
67%
(Single) 137,914,929 AMERICA HAS A PROBLEM
33%
Black Panther 225,950,635 Big Shot
33%
Victory Lap 101,689,387 Dedication
33%
Macadelic 127,888,109 Fight the Feeling
33%
Born Sinner 195,274,767 Forbidden Fruit
33%
The Divine Feminine 128,476,768 God Is Fair, Sexy Nasty
33%
Chasing Summer 184,331,385 Hair Down
33%
Follow Me Home 177,328,081 Hood Gone Love It
33%
FUTURE (Deluxe) 276,973,735 Mask Off (Remix)
33%
The World Is Yours 333,912,097 New Freezer
33%
Ransom 2 144,139,809 Perfect Pint
33%
(Single) 271,709,608 Radioactive
33%
(Single) 139,141,840 Tints
33%
The Sun's Tirade 222,547,336 Wat's Wrong
33%
Mr. Morale & The Big Steppers 112,677,776 We Cry Together
33%
Redemption 209,483,370 Wow Freestyle
33%
No matching quizzes found
Score Distribution
Percent of People with Each Score
Percentile by Number Answered
Your Score History
You have not taken this quiz since the last reset